#1 Movies: 2009 Quiz Stats

 Plays Quiz Updated Aug 24, 2012

Challenge
Share
Tweet
Embed
Score 0/52 Timer 08:00
0 Plays Today
Weekend % Correct
December 18th - December 20thAvatar
69.8%
December 25th - December 27thAvatar
69.8%
May 29th - May 31stUp
48.6%
July 17th - July 19thHarry Potter and the Half-Blood Prince
36.8%
June 5th - June 7thThe Hangover
36.2%
June 12th - June 14thThe Hangover
36.2%
November 20th - November 22ndThe Twilight Saga: New Moon
36%
November 27th - November 29thThe Twilight Saga: New Moon
36%
June 26th - June 28thTransformers: Revenge of the Fallen
31.2%
July 3rd - July 5thTransformers: Revenge of the Fallen
31.2%
December 4th - December 6thThe Blind Side
22.2%
May 8th - May 10thStar Trek
19.2%
August 21st - August 23rdInglourious Basterds
19%
August 14th - August 16thDistrict 9
16%
May 1st - May 3rdX-Men Origins: Wolverine
14.4%
June 19th - June 21stThe Proposal
12.6%
December 11th - December 13thThe Princess and the Frog
12%
November 13th - November 15th2012
11.6%
March 6th - March 8thWatchmen
11.1%
October 23rd - October 25thParanormal Activity
10.2%
August 7th - August 9thG.I. Joe: Rise of the Cobra
9.9%
October 2nd - October 4thZombieland
9.8%
September 18th - September 20thCloudy With a Chance of Meatballs
9.6%
September 25th - September 27thCloudy With a Chance of Meatballs
9.6%
January 30th - February 1stTaken
9.1%
May 15th - May 17thAngels & Demons
8.8%
Weekend % Correct
January 16th - January 18thPaul Blart: Mall Cop
8.8%
January 23rd - January 25thPaul Blart: Mall Cop
8.8%
March 27th - March 29thMonsters Vs. Aliens
8.4%
July 31st - August 2ndFunny People
8.4%
April 3rd - April 5thFast and Furious
8.1%
February 6th - February 8thHe's Just Not That Into You
8.1%
May 22nd - May 24thNight at the Museum: Battle of the Smithsonian
7.2%
October 16th - October 18thWhere the Wild Things Are
7%
April 17th - April 19th17 Again
6.8%
January 2nd- January 4thMarley & Me
6.6%
July 10th - July 12thBruno
6.6%
February 13th - February 16thFriday the 13th
6.6%
April 10th - April 12thHannah Montana: The Movie
5.9%
November 6th - November 8thA Christmas Carol
5.8%
October 9th - October 11thCouples Retreat
5.7%
October 30th - November 1stMichael Jackson's This Is It
5.6%
January 9th - January 11thGran Torino
5.3%
July 24th - July 26thG-Force
5.3%
March 20th - March 22ndKnowing
5.2%
August 28th - August 30thThe Final Destination
4.8%
September 4th - September 6thThe Final Destination
4.8%
April 24th - April 26thObsessed
4.1%
February 20th - February 22ndMadea Goes to Jail
3.9%
February 27th - March 1stMadea Goes to Jail
3.9%
March 13th - March 15thRace to Witch Mountain
3.9%
September 11th - September 13thI Can Do Bad All By Myself
2.5%

You're not logged in!

Compare scores with friends on all Sporcle quizzes.
OR
Log In

You Might Also Like...

Show Comments

Extras

Top Quizzes Today


Score Distribution

Your Account Isn't Verified!

In order to create a playlist on Sporcle, you need to verify the email address you used during registration. Go to your Sporcle Settings to finish the process.

Report this User

Report this user for behavior that violates our Community Guidelines.

Details: